[Event "Blagoevgrad op"]
[Site "Blagoevgrad"]
[Date "2013.09.30"]
[Round "4"]
[White "Stoinev, Metodi"]
[Black "Mladenov, Plamen"]
[Result "1-0"]
[WhiteElo "2221"]
[BlackElo "2390"]
[PlyCount "109"]
[EventDate "2013.09.28"]
[EventType "swiss"]
[EventRounds "9"]
[EventCountry "BUL"]
[SourceTitle "CBM 156 Extra"]
[Source "ChessBase"]
[SourceDate "2013.10.22"]
[SourceVersion "1"]
[SourceVersionDate "2013.10.22"]
[SourceQuality "1"]

1. e4 e5 2. Nf3 Nc6 3. Bb5 a6 4. Ba4 Nf6 5. Bxc6 dxc6 6. d3 Qd6 7. Nbd2 Be6 8. b3 Nd7 9. a4 Be7 10. 0-0 g5 11. Nc4 Bxc4 12. bxc4 g4 13. Nd2 h5 14. Re1 0-0-0 15. Nf1 Qe6 16. Ne3 Nf8 17. Nf5 Ng6 18. Rb1 Nf4 19. Be3 Rdg8 20. Qc1 b6 21. Bxf4 exf4 22. Nxe7+ Qxe7 23. Qxf4 a5 24. d4 f6 25. c5 Kb7 26. c4 Ka6 27. cxb6 cxb6 28. e5 fxe5 29. Rxe5 Qh7 30. Qc1 Rb8 31. d5 c5 32. Qb2 Rb7 33. Re6 Rhb8 34. Qb5+ Ka7 35. Rc6 h4 36. Qb3 h3 37. Re1 Re7 38. Rce6 Rbb7 39. Qxb6+ Rxb6 40. Rxe7+ Qxe7 41. Rxe7+ Kb8 42. gxh3 gxh3 43. Kf1 Rb1+ 44. Ke2 Rb4 45. d6 Kc8 46. Kd3 Rxa4 47. Ke4 Rxc4+ 48. Kd5 Rf4 49. Kc6 Rf8 50. Ra7 Kb8 51. Rxa5 Rc8+ 52. Kd7 Rf8 53. Rb5+ Ka7 54. Kc7 Ka6 55. Rxc5 1-0

[Event "BUL-chT GpA 63rd"]
[Site "Sunny Beach"]
[Date "2013.09.24"]
[Round "6.5"]
[White "Mladenov, Plamen"]
[Black "Bojkov, Dejan"]
[Result "0-1"]
[WhiteElo "2390"]
[BlackElo "2505"]
[PlyCount "89"]
[EventDate "2013.09.19"]
[EventType "team-tourn"]
[EventRounds "7"]
[EventCountry "BUL"]
[SourceTitle "CBM 156 Extra"]
[Source "ChessBase"]
[SourceDate "2013.10.22"]
[SourceVersion "1"]
[SourceVersionDate "2013.10.22"]
[SourceQuality "1"]
[WhiteTeam "Dupnitsa Marek Union"]
[BlackTeam "Razgrad Abritus"]
[WhiteTeamCountry "BUL"]
[BlackTeamCountry "BUL"]

1. Nf3 Nf6 2. d4 g6 3. Bf4 Bg7 4. e3 0-0 5. h3 d6 6. Be2 c5 7. 0-0 Qb6 8. Nbd2 Be6 9. Ng5 Bd7 10. d5 h6 11. Ngf3 Nxd5 12. Nc4 Qc6 13. Na5 Qc7 14. Qxd5 Qxa5 15. Qxb7 Qb6 16. Qxb6 axb6 17. c3 b5 18. e4 Ra4 19. Bd3 f5 20. b3 Rxe4 21. Bd2 b4 22. cxb4 Bxa1 23. Rxa1 Rxb4 24. Bxb4 cxb4 25. Rc1 Rc8 26. Rc4 Nc6 27. Nd4 Nxd4 28. Rxd4 Rb8 29. f4 Kf7 30. Kf2 Rb6 31. Ke3 Kf6 32. g3 Bc6 33. h4 Bb7 34. Bb1 Ba6 35. Kd2 e6 36. Bc2 Ke7 37. Kd1 e5 38. Rd5 Rb5 39. Rd2 e4 40. Rd4 d5 41. Kd2 Kd6 42. Ke3 Rc5 43. Bd1 Rc3+ 44. Kd2 Kc5 45. Rxb4 0-1

[Event "Plancoet op-A 10th"]
[Site "Plancoet"]
[Date "2013.07.30"]
[Round "4"]
[White "Jianu, Vlad Cristian"]
[Black "Mladenov, Plamen"]
[Result "1-0"]
[WhiteElo "2560"]
[BlackElo "2405"]
[PlyCount "111"]
[EventDate "2013.07.28"]
[EventType "swiss"]
[EventRounds "9"]
[EventCountry "FRA"]
[SourceTitle "EXT 2017"]
[Source "ChessBase"]
[SourceDate "2016.10.25"]
[SourceVersion "1"]
[SourceVersionDate "2016.10.25"]
[SourceQuality "1"]

1. Nf3 Nf6 2. c4 c5 3. g3 b6 4. Bg2 Bb7 5. 0-0 e6 6. Nc3 Be7 7. Re1 Ne4 8. Nxe4 Bxe4 9. d3 Bb7 10. e4 d6 11. d4 cxd4 12. Nxd4 0-0 13. b3 a6 14. Ba3 Qc7 15. Qd2 Nc6 16. Rad1 Nxd4 17. Qxd4 Rfd8 18. Re2 b5 19. cxb5 axb5 20. Bb4 Bf8 21. Red2 Rac8 22. h4 Qc6 23. Kh2 f5 24. Re2 fxe4 25. Bxe4 d5 26. Bg2 Bxb4 27. Qxb4 Rc7 28. Rde1 Bc8 29. Bh3 Qc5 30. Qxc5 Rxc5 31. Kg2 Bb7 32. Bxe6+ Kf8 33. Bg4 d4+ 34. Bf3 Bxf3+ 35. Kxf3 Rc3+ 36. Kg2 b4 37. Rd2 d3 38. Kf3 Rc2 39. Rxc2 dxc2 40. Rc1 Rc8 41. Ke2 Rc3 42. Kd2 Rf3 43. Rf1 Kf7 44. Kxc2 Kf6 45. Kd2 Kf5 46. Ke2 Rc3 47. Rd1 Ke4 48. Rd7 Rc2+ 49. Kf1 h5 50. Rb7 Rxa2 51. Rxb4+ Kf5 52. Rb5+ Kg6 53. Rg5+ Kh6 54. b4 Rb2 55. b5 g6 56. f4 1-0

[Event "Plancoet op-A 10th"]
[Site "Plancoet"]
[Date "2013.07.28"]
[Round "1"]
[White "Mladenov, Plamen"]
[Black "Bianchi, Guillaume"]
[Result "1-0"]
[WhiteElo "2405"]
[BlackElo "2172"]
[PlyCount "59"]
[EventDate "2013.07.28"]
[EventType "swiss"]
[EventRounds "9"]
[EventCountry "FRA"]
[SourceTitle "EXT 2017"]
[Source "ChessBase"]
[SourceDate "2016.10.25"]
[SourceVersion "1"]
[SourceVersionDate "2016.10.25"]
[SourceQuality "1"]

1. e4 c5 2. Nf3 d6 3. d4 cxd4 4. Nxd4 Nf6 5. Nc3 a6 6. h3 e6 7. g4 Nfd7 8. Bg2 Be7 9. Be3 Nc6 10. Qe2 Qc7 11. 0-0-0 Na5 12. Kb1 Rb8 13. Bc1 b5 14. Nd5 exd5 15. exd5 Ne5 16. f4 Ng6 17. h4 0-0 18. h5 Nh8 19. g5 Rb7 20. f5 Nc4 21. h6 g6 22. f6 Bd8 23. Rhe1 Ne5 24. Bf3 Bf5 25. Nc6 Nd7 26. Bf4 Nxf6 27. gxf6 Bxf6 28. Qh2 Rc8 29. Bxd6 Qb6 30. Be5 1-0

[Event "Condom op 12th"]
[Site "Condom"]
[Date "2013.07.20"]
[Round "9"]
[White "Cocquyt, Tijs"]
[Black "Mladenov, Plamen"]
[Result "1-0"]
[WhiteElo "2063"]
[BlackElo "2405"]
[PlyCount "49"]
[EventDate "2013.07.13"]
[EventType "swiss"]
[EventRounds "9"]
[EventCountry "FRA"]
[SourceTitle "CBM 155 Extra"]
[Source "ChessBase"]
[SourceDate "2013.08.26"]
[SourceVersion "1"]
[SourceVersionDate "2013.08.26"]
[SourceQuality "1"]

1. d4 b6 2. Bg5 Bb7 3. Nc3 d5 4. f3 c5 5. e4 f6 6. Bh4 dxe4 7. Bb5+ Nd7 8. dxc5 exf3 9. Nxf3 bxc5 10. Ne5 fxe5 11. Qh5+ g6 12. Qxe5 a6 13. Ba4 Qb6 14. Bxd7+ Kxd7 15. 0-0-0+ Ke8 16. Qxh8 Nf6 17. Bxf6 Qxf6 18. Qxf6 exf6 19. Rhe1+ Be7 20. Nd5 Bxd5 21. Rxd5 Rc8 22. Rd6 Kf7 23. Rd7 Re8 24. Ra7 f5 25. Kb1 1-0

[Event "Saint Affrique op 21st"]
[Site "Saint Affrique"]
[Date "2013.07.20"]
[Round "5"]
[White "Degraeve, Jean Marc"]
[Black "Mladenov, Plamen"]
[Result "1/2-1/2"]
[WhiteElo "2574"]
[BlackElo "2405"]
[PlyCount "53"]
[EventDate "2013.07.20"]
[EventType "swiss"]
[EventRounds "9"]
[EventCountry "FRA"]
[SourceTitle "EXT 2014"]
[Source "ChessBase"]
[SourceDate "2013.11.20"]
[SourceVersion "1"]
[SourceVersionDate "2013.11.20"]
[SourceQuality "1"]

1. e4 e5 2. Nf3 Nc6 3. Bc4 Nf6 4. d3 h6 5. h3 d6 6. a4 g6 7. a5 a6 8. Nc3 Bg7 9. Be3 Ne7 10. Ba2 c5 11. Bd2 Nc6 12. Nd5 Nxd5 13. Bxd5 0-0 14. Bc3 Kh7 15. Nd2 Ne7 16. Nc4 Be6 17. Bxe6 fxe6 18. 0-0 Nc6 19. Bd2 Qe7 20. Nb6 Rad8 21. c4 h5 22. Na4 Bh6 23. Bxh6 Kxh6 24. Qd2+ Kh7 25. Nc3 Nd4 26. Ra3 Qh4 27. Ne2 1/2-1/2

[Event "Condom op 12th"]
[Site "Condom"]
[Date "2013.07.19"]
[Round "8"]
[White "Mladenov, Plamen"]
[Black "Guichard, Pauline"]
[Result "0-1"]
[WhiteElo "2405"]
[BlackElo "2342"]
[PlyCount "104"]
[EventDate "2013.07.13"]
[EventType "swiss"]
[EventRounds "9"]
[EventCountry "FRA"]
[SourceTitle "CBM 155 Extra"]
[Source "ChessBase"]
[SourceDate "2013.08.26"]
[SourceVersion "1"]
[SourceVersionDate "2013.08.26"]
[SourceQuality "1"]

1. d4 d5 2. Nc3 Nf6 3. Bg5 Nbd7 4. e4 Nxe4 5. Nxe4 dxe4 6. Qe2 c6 7. Qxe4 h6 8. Bh4 g5 9. Bg3 Nf6 10. Qe5 Bg7 11. 0-0-0 Nh5 12. Qe4 Nxg3 13. hxg3 Qa5 14. Bc4 Bf5 15. Qe3 e6 16. Nf3 0-0-0 17. Ne5 Rhf8 18. c3 Kb8 19. g4 Bh7 20. Nf3 Bg6 21. Ne5 Bxe5 22. Qxe5+ Qxe5 23. dxe5 Rxd1+ 24. Kxd1 Rh8 25. Ke2 Kc7 26. Ke3 Kd7 27. g3 Rh7 28. Be2 Ke7 29. b4 Rh8 30. a4 a6 31. a5 Bc2 32. f4 gxf4+ 33. gxf4 Bg6 34. Rh4 Kd7 35. Bf3 Kc7 36. Be4 Bxe4 37. Kxe4 Kd7 38. f5 exf5+ 39. gxf5 h5 40. Kf4 Ke7 41. Rh3 h4 42. c4 f6 43. e6 Rh5 44. Kg4 Rh8 45. Kf4 Rh5 46. Ke4 Ke8 47. Kd4 Ke7 48. Ke4 Ke8 49. Kd3 Kd8 50. Ke3 Rxf5 51. Rxh4 Re5+ 52. Re4 Ke7 0-1

[Event "Condom op 12th"]
[Site "Condom"]
[Date "2013.07.18"]
[Round "7"]
[White "Maupin, Valerie"]
[Black "Mladenov, Plamen"]
[Result "0-1"]
[WhiteElo "2070"]
[BlackElo "2405"]
[PlyCount "88"]
[EventDate "2013.07.13"]
[EventType "swiss"]
[EventRounds "9"]
[EventCountry "FRA"]
[SourceTitle "CBM 155 Extra"]
[Source "ChessBase"]
[SourceDate "2013.08.26"]
[SourceVersion "1"]
[SourceVersionDate "2013.08.26"]
[SourceQuality "1"]

1. e4 c5 2. Nf3 a6 3. c4 d6 4. d4 cxd4 5. Nxd4 Nf6 6. Nc3 e6 7. Be3 Be7 8. Be2 Qc7 9. 0-0 Nbd7 10. f4 b6 11. Rc1 Bb7 12. Bf3 Nc5 13. Qc2 g6 14. b4 Ncd7 15. Qf2 Rc8 16. Nb3 0-0 17. Nd2 Qb8 18. Rfd1 Qa8 19. Bxb6 d5 20. exd5 Bxb4 21. Bd4 exd5 22. Qh4 Bc5 23. Bxc5 Rxc5 24. Nxd5 Nxd5 25. cxd5 Bxd5 26. f5 Rxc1 27. Rxc1 Ne5 28. f6 Qa7+ 29. Kh1 Qe3 30. Re1 Qxd2 31. Bxd5 Ng4 32. Rf1 h5 33. Bf3 Rc8 34. Bxg4 hxg4 35. Qxg4 Rc1 36. Qf3 Rxf1+ 37. Qxf1 Qxa2 38. h3 Qe6 39. Qf4 a5 40. g4 Qd5+ 41. Kh2 g5 42. Qc7 Kh7 43. h4 gxh4 44. Kh3 Qh1+ 0-1

[Event "Condom op 12th"]
[Site "Condom"]
[Date "2013.07.14"]
[Round "2"]
[White "Mladenov, Plamen"]
[Black "Marciniak, Alexandre"]
[Result "1-0"]
[WhiteElo "2405"]
[BlackElo "2207"]
[PlyCount "57"]
[EventDate "2013.07.13"]
[EventType "swiss"]
[EventRounds "9"]
[EventCountry "FRA"]
[SourceTitle "CBM 155 Extra"]
[Source "ChessBase"]
[SourceDate "2013.08.26"]
[SourceVersion "1"]
[SourceVersionDate "2013.08.26"]
[SourceQuality "1"]

1. d4 e6 2. c4 Nf6 3. Nc3 Bb4 4. e3 0-0 5. Bd3 d5 6. Nf3 c5 7. 0-0 Nc6 8. a3 Ba5 9. h3 dxc4 10. Bxc4 cxd4 11. exd4 Bb6 12. Bg5 Nxd4 13. Ne4 Nf5 14. Qc1 Nxe4 15. Bxd8 Rxd8 16. Qc2 Nfg3 17. Rfd1 Bd7 18. Kh2 Bxf2 19. Ne5 Be8 20. Rxd8 Rxd8 21. Bd3 Nf5 22. Bxe4 Bg3+ 23. Kh1 Bxe5 24. Bxf5 exf5 25. Re1 Bg3 26. Qd3 Bxe1 27. Qxd8 Kf8 28. Qd6+ Kg8 29. Qe7 1-0

[Event "Rennes op 6th"]
[Site "Rennes"]
[Date "2013.07.09"]
[Round "5"]
[White "Mladenov, Plamen"]
[Black "Jianu, Vlad Cristian"]
[Result "1/2-1/2"]
[WhiteElo "2405"]
[BlackElo "2560"]
[PlyCount "182"]
[EventDate "2013.07.06"]
[EventType "swiss"]
[EventRounds "9"]
[EventCountry "FRA"]
[SourceTitle "CBM 155 Extra"]
[Source "ChessBase"]
[SourceDate "2013.08.26"]
[SourceVersion "1"]
[SourceVersionDate "2013.08.26"]
[SourceQuality "1"]

1. e4 c5 2. Nf3 d6 3. Bb5+ Nd7 4. d4 cxd4 5. Qxd4 a6 6. Bxd7+ Bxd7 7. c4 Nf6 8. Nc3 h6 9. 0-0 e5 10. Qd3 Be7 11. Ne1 Rc8 12. Nc2 Qc7 13. Ne3 Be6 14. b3 b5 15. Ncd5 Nxd5 16. cxd5 Bd7 17. Bd2 0-0 18. Rfc1 Qb7 19. Nf5 Bxf5 20. exf5 Rxc1+ 21. Rxc1 Rc8 22. Kf1 Bg5 23. Rxc8+ Qxc8 24. Bb4 Qc1+ 25. Ke2 Qf4 26. a3 e4 27. Qg3 Qc1 28. Qc3 Qb1 29. Bxd6 Qa2+ 30. Kf1 Qb1+ 31. Ke2 Qa2+ 32. Kf1 Bf6 33. Qe3 Qc2 34. Bb4 Qd1+ 35. Be1 Qxd5 36. f3 exf3 37. Qxf3 Qd6 38. a4 bxa4 39. bxa4 Qxh2 40. a5 Kh7 41. Qd5 Qc7 42. Bd2 Qc2 43. Be1 Qa4 44. Ke2 Qe8+ 45. Kf1 Qc8 46. Ke2 Kg8 47. Kd3 Kh7 48. Ke2 Qc7 49. Kf1 Qc2 50. Bf2 Bc3 51. g3 Bf6 52. Kg1 Qc7 53. Kg2 g6 54. fxg6+ fxg6 55. Bd4 Bxd4 56. Qxd4 h5 57. Qb6 Qc2+ 58. Kf3 Qd3+ 59. Kf2 Kg7 60. Kg2 Kf7 61. Kh2 Ke7 62. Kh3 Kd7 63. Qb7+ Ke6 64. Qb6+ Ke5 65. Qc5+ Ke4 66. Qb4+ Kf3 67. Qf4+ Ke2 68. Qe5+ Kf1 69. Qa1+ Kf2 70. Qb2+ Kf3 71. Qg2+ Ke3 72. Qg1+ Kd2 73. Qf2+ Kc3 74. Qb6 Qf1+ 75. Kh2 Qe2+ 76. Kh3 Qg4+ 77. Kh2 h4 78. Qxa6 Qxg3+ 79. Kh1 Qf3+ 80. Kh2 Qg3+ 81. Kh1 Qf3+ 82. Kh2 g5 83. Qc8+ Kb4 84. Qb8+ Kc5 85. Qb6+ Kc4 86. Qc7+ Kd4 87. Qg7+ Kc4 88. Qxg5 Qg3+ 89. Qxg3 hxg3+ 90. Kxg3 Kb5 91. a6 Kxa6 1/2-1/2

[Event "Rennes op 6th"]
[Site "Rennes"]
[Date "2013.07.08"]
[Round "4"]
[White "Bailet, Pierre"]
[Black "Mladenov, Plamen"]
[Result "1/2-1/2"]
[WhiteElo "2474"]
[BlackElo "2405"]
[PlyCount "82"]
[EventDate "2013.07.06"]
[EventType "swiss"]
[EventRounds "9"]
[EventCountry "FRA"]
[SourceTitle "CBM 155 Extra"]
[Source "ChessBase"]
[SourceDate "2013.08.26"]
[SourceVersion "1"]
[SourceVersionDate "2013.08.26"]
[SourceQuality "1"]

1. e4 e5 2. Nf3 Nc6 3. Bb5 a6 4. Ba4 Nf6 5. 0-0 b5 6. Bb3 Bc5 7. c3 d6 8. a4 Rb8 9. d3 0-0 10. Nbd2 Bb6 11. h3 Nh5 12. axb5 axb5 13. Re1 Bxh3 14. gxh3 Nf4 15. d4 Nxh3+ 16. Kf1 exd4 17. Nxd4 Qh4 18. Qf3 Nxd4 19. cxd4 Bxd4 20. Qg3 Bxf2 21. Qxh4 Bxh4 22. Re3 Ng5 23. Ra7 Ne6 24. Nf3 Bf6 25. e5 dxe5 26. Bxe6 fxe6 27. Ke2 c5 28. Nxe5 c4 29. Nc6 Ra8 30. Rxe6 Rxa7 31. Nxa7 b4 32. Re4 Ra8 33. Nc6 c3 34. bxc3 bxc3 35. Ne7+ Kf7 36. Nd5 Rc8 37. Rf4 Re8+ 38. Be3 c2 39. Rc4 Bg5 40. Rxc2 Bxe3 41. Nxe3 Re7 1/2-1/2

[Event "Platja d'Aro Barcino"]
[Site "Platja d'Aro"]
[Date "2013.06.27"]
[Round "6"]
[White "Sanchez, Jerez Emilio"]
[Black "Mladenov, Plamen"]
[Result "1-0"]
[WhiteElo "2202"]
[BlackElo "2405"]
[PlyCount "83"]
[EventDate "2013.06.24"]
[EventType "tourn"]
[EventRounds "9"]
[EventCountry "ESP"]
[EventCategory "3"]
[SourceTitle "EXT 2014"]
[Source "ChessBase"]
[SourceDate "2013.11.20"]
[SourceVersion "1"]
[SourceVersionDate "2013.11.20"]
[SourceQuality "1"]

1. e4 c5 2. Nc3 Nc6 3. Nge2 e6 4. d4 cxd4 5. Nxd4 Nf6 6. Ndb5 d6 7. Bf4 e5 8. Bg5 a6 9. Na3 b5 10. Nd5 Be7 11. Bxf6 gxf6 12. g3 Rb8 13. Bg2 h5 14. 0-0 h4 15. c3 f5 16. exf5 Bxf5 17. Nc2 Be6 18. a4 Qc8 19. Nce3 Bd8 20. axb5 Rxb5 21. Nc4 Qb8 22. Rxa6 Rc5 23. Qa4 Bd7 24. Nf6+ Bxf6 25. Ra8 Qxa8 26. Qxa8+ Ke7 27. Qa6 Bc8 28. Qa4 Be6 29. Nb6 e4 30. Bxe4 Ne5 31. Rd1 hxg3 32. hxg3 Bg4 33. f3 Nxf3+ 34. Bxf3 Bxf3 35. Qd7+ Kf8 36. Qxd6+ Kg7 37. Qxc5 Rh1+ 38. Kf2 Bxd1 39. Nd7 Rh2+ 40. Kg1 Rd2 41. Qf8+ Kg6 42. Nxf6 1-0

[Event "Platja d'Aro Barcino"]
[Site "Platja d'Aro"]
[Date "2013.06.26"]
[Round "4"]
[White "Milchev, Nikolay"]
[Black "Mladenov, Plamen"]
[Result "1/2-1/2"]
[WhiteElo "2433"]
[BlackElo "2405"]
[PlyCount "29"]
[EventDate "2013.06.24"]
[EventType "tourn"]
[EventRounds "9"]
[EventCountry "ESP"]
[EventCategory "3"]
[SourceTitle "EXT 2014"]
[Source "ChessBase"]
[SourceDate "2013.11.20"]
[SourceVersion "1"]
[SourceVersionDate "2013.11.20"]
[SourceQuality "1"]

1. e4 c6 2. d4 d5 3. Nc3 dxe4 4. Nxe4 Bf5 5. Ng3 Bg6 6. h4 h6 7. Nf3 Nd7 8. h5 Bh7 9. Bd3 Bxd3 10. Qxd3 e6 11. Bf4 Qa5+ 12. Bd2 Qc7 13. 0-0-0 Ngf6 14. Rhe1 0-0-0 15. Kb1 1/2-1/2

[Event "Cappelle op 29th"]
[Site "Cappelle la Grande"]
[Date "2013.02.25"]
[Round "3"]
[White "Borovikov, Vladislav"]
[Black "Mladenov, Plamen"]
[Result "1-0"]
[WhiteElo "2557"]
[BlackElo "2421"]
[PlyCount "85"]
[EventDate "2013.02.23"]
[EventType "swiss"]
[EventRounds "9"]
[EventCountry "FRA"]
[SourceTitle "CBM 153 Extra"]
[Source "ChessBase"]
[SourceDate "2013.04.22"]
[SourceVersion "1"]
[SourceVersionDate "2013.04.22"]
[SourceQuality "1"]

1. d4 Nf6 2. Nf3 g6 3. c4 Bg7 4. g3 d5 5. cxd5 Nxd5 6. Bg2 Nb6 7. Nc3 Nc6 8. e3 0-0 9. 0-0 Re8 10. Re1 e5 11. d5 Na5 12. e4 c6 13. b3 cxd5 14. exd5 e4 15. Nxe4 Rxe4 16. Rxe4 Bxa1 17. Bg5 Bf6 18. Bxf6 Qxf6 19. Re8+ Kg7 20. Qe1 Bg4 21. Rxa8 Nxa8 22. Ne5 Bc8 23. b4 Nb6 24. bxa5 Nd7 25. f4 Qd8 26. Qc3 f6 27. Nf3 Qf8 28. d6 Qd8 29. Nd4 Nf8 30. Qc7+ Qxc7 31. dxc7 a6 32. Bd5 f5 33. Nb3 Kf6 34. Nc5 Ke7 35. Bxb7 Bxb7 36. Nxb7 Kd7 37. Nc5+ Kxc7 38. Nxa6+ Kc6 39. Nb4+ Kb5 40. a6 Kb6 41. Kf2 Ne6 42. Ke3 h6 43. Nd5+ 1-0